[Event "Qatar Masters Open 2014"]
[Site "Doha QAT"]
[Date "2014.12.03"]
[Round "8.33"]
[White "Javakhishvili, Lela"]
[Black "Sargissian, Gabriel"]
[Result "0-1"]
[WhiteElo "2486"]
[BlackElo "2687"]
[PlyCount "100"]
[EventDate "2014.11.26"]
[EventType "swiss"]
[EventRounds "9"]
[EventCountry "QAT"]
[Source "lmi"]
[SourceDate "2014.11.26"]

1. d4 Nf6 2. c4 e6 3. Nf3 d5 4. Nc3 Nbd7 5. cxd5 exd5 6. Bg5 Be7 7. e3 c6 8.
Qc2 O-O 9. Bd3 Re8 10. h3 Nf8 11. O-O-O Be6 12. Kb1 a5 13. g4 a4 14. Bf4 a3 15.
b3 Rc8 16. g5 Nh5 17. Be5 g6 18. h4 Nd7 19. e4 Qa5 20. Rc1 Bg4 21. Be2 Bf8 22.
Rhg1 Bxf3 23. Bxf3 Nxe5 24. Bxh5 gxh5 25. dxe5 d4 26. Ne2 d3 27. Qxd3 Qxe5 28.
Nc3 Bb4 29. Rge1 Rcd8 30. Qe3 Bc5 31. Qe2 Qf4 32. Qxh5 Bb4 33. Re3 Qxf2 34. Qe2
Rd2 35. Qxf2 Rxf2 36. Rc2 Rf1+ 37. Rc1 Rxc1+ 38. Kxc1 Bxc3 39. Rxc3 Rxe4 40. h5
Re1+ 41. Kc2 Re2+ 42. Kb1 Rb2+ 43. Kc1 Rxa2 44. Kb1 Rg2 45. Rc5 Rb2+ 46. Ka1
Rxb3 47. Ra5 h6 48. gxh6 Rf3 49. Ra7 b5 50. Rc7 b4 0-1

[Event "Qatar Masters Open 2014"]
[Site "Doha QAT"]
[Date "2014.12.03"]
[Round "8.34"]
[White "Debashis, Das"]
[Black "Saric, Ivan"]
[Result "1/2-1/2"]
[WhiteElo "2485"]
[BlackElo "2680"]
[PlyCount "118"]
[EventDate "2014.11.26"]
[EventType "swiss"]
[EventRounds "9"]
[EventCountry "QAT"]
[Source "lmi"]
[SourceDate "2014.11.26"]

1. d4 Nf6 2. c4 g6 3. Nc3 Bg7 4. e4 d6 5. Nf3 O-O 6. Be2 e5 7. Be3 exd4 8. Nxd4
Re8 9. f3 c6 10. Bf2 d5 11. exd5 cxd5 12. O-O Nc6 13. c5 Re5 14. Bb5 Bd7 15.
Qd2 Qf8 16. Rfe1 Rae8 17. Rxe5 Nxe5 18. Bxd7 Nfxd7 19. Nb3 Nf6 20. Nxd5 Rd8 21.
Nxf6+ Bxf6 22. Qf4 Bg7 23. Bh4 Nd3 24. Qe3 Bh6 25. Qe2 Rd7 26. Rd1 Nxc5 27.
Nxc5 Qxc5+ 28. Bf2 Rxd1+ 29. Qxd1 Be3 30. Bxe3 Qxe3+ 31. Kf1 Kg7 32. h3 h5 33.
Qc2 Kf6 34. Qc4 Qe5 35. Qb4 b6 36. Kf2 Qc5+ 37. Qxc5 bxc5 38. Ke3 Ke5 39. h4 c4
40. b3 cxb3 41. axb3 a5 42. g3 Kd5 43. Kd3 Kc5 44. Kc3 Kb5 45. Kc2 Kc6 46. Kc3
Kc5 47. Kd3 Kd5 48. Ke3 Kc5 49. Kd3 Kb4 50. Kc2 f6 51. g4 Kc5 52. gxh5 gxh5 53.
Kc3 Kb5 54. Kd3 Kc5 55. f4 Kb4 56. Kc2 Kc5 57. Kc3 Kd5 58. Kd3 Kc5 59. Kc3 Kd5
1/2-1/2

[Event "Qatar Masters Open 2014"]
[Site "Doha QAT"]
[Date "2014.12.03"]
[Round "8.35"]
[White "Bartel, Mateusz"]
[Black "Karthikeyan, Murali"]
[Result "1-0"]
[WhiteElo "2662"]
[BlackElo "2497"]
[PlyCount "63"]
[EventDate "2014.11.26"]
[EventType "swiss"]
[EventRounds "9"]
[EventCountry "QAT"]
[Source "lmi"]
[SourceDate "2014.11.26"]

1. e4 c5 2. Nf3 e6 3. d4 cxd4 4. Nxd4 a6 5. Nc3 Qc7 6. Bd3 Nc6 7. Nxc6 dxc6 8.
O-O Nf6 9. f4 e5 10. Kh1 Bd6 11. f5 h5 12. Qf3 h4 13. Bg5 Be7 14. a4 Nh5 15.
Be3 a5 16. Nb1 Qd8 17. Rd1 Bg5 18. Bc5 Be7 19. Bf2 Bd6 20. Nd2 Qe7 21. Qg4 g5
22. Nb3 Rb8 23. Kg1 b6 24. Be3 f6 25. Rd2 Bc7 26. Rad1 b5 27. axb5 a4 28. Nc5
Bb6 29. Bc4 Kf8 30. Rd6 Kg7 31. Rxc6 Ba7 32. Rdd6 1-0

[Event "Qatar Masters Open 2014"]
[Site "Doha QAT"]
[Date "2014.12.03"]
[Round "8.37"]
[White "Aravindh, Chithambaram Vr"]
[Black "Ipatov, Alexander"]
[Result "1/2-1/2"]
[WhiteElo "2485"]
[BlackElo "2608"]
[PlyCount "56"]
[EventDate "2014.11.26"]
[EventType "swiss"]
[EventRounds "9"]
[EventCountry "QAT"]
[Source "lmi"]
[SourceDate "2014.11.26"]

1. Nf3 d5 2. g3 Nc6 3. d4 Bg4 4. Bg2 Qd7 5. c4 dxc4 6. d5 Bxf3 7. Bxf3 Ne5 8.
Bg2 e6 9. Qd4 Nc6 10. Qxc4 O-O-O 11. Nc3 exd5 12. Bxd5 Bb4 13. O-O Bxc3 14.
Bxc6 Qxc6 15. Qxc6 bxc6 16. bxc3 Nf6 17. Be3 a6 18. Bd4 Rhe8 19. Rfe1 Re6 20.
f3 g6 21. Rab1 Nd7 22. Bf2 f5 23. Rb2 c5 24. Kf1 Rb6 25. Rd2 Rd6 26. Rb2 Rb6
27. Rd2 Rd6 28. Rb2 Rb6 1/2-1/2

[Event "Qatar Masters Open 2014"]
[Site "Doha QAT"]
[Date "2014.12.03"]
[Round "8.38"]
[White "Miton, Kamil"]
[Black "Thejkumar, M. S."]
[Result "1-0"]
[WhiteElo "2601"]
[BlackElo "2443"]
[PlyCount "55"]
[EventDate "2014.11.26"]
[EventType "swiss"]
[EventRounds "9"]
[EventCountry "QAT"]
[Source "lmi"]
[SourceDate "2014.11.26"]

1. d4 d5 2. c4 Nc6 3. Nf3 Bg4 4. Bg5 f6 5. cxd5 Bxf3 6. gxf3 Qxd5 7. Be3 e5 8.
Nc3 Bb4 9. dxe5 Qxe5 10. Qb3 O-O-O 11. f4 Bxc3+ 12. bxc3 Qe4 13. Rg1 Nge7 14.
Bg2 Qf5 15. Bf3 Qd7 16. Rxg7 Rhg8 17. Rg3 Na5 18. Qb4 b6 19. Qe4 Nec6 20. Qd5
Qxd5 21. Bxd5 Rge8 22. Rd1 Rd6 23. Bg8 Rxd1+ 24. Kxd1 Re7 25. Rh3 Rg7 26. Bxh7
Rg1+ 27. Kc2 Nc4 28. Bf5+ 1-0

[Event "Qatar Masters Open 2014"]
[Site "Doha QAT"]
[Date "2014.12.03"]
[Round "8.39"]
[White "Bogner, Sebastian"]
[Black "Sundararajan, Kidambi"]
[Result "0-1"]
[WhiteElo "2598"]
[BlackElo "2415"]
[PlyCount "110"]
[EventDate "2014.11.26"]
[EventType "swiss"]
[EventRounds "9"]
[EventCountry "QAT"]
[Source "lmi"]
[SourceDate "2014.11.26"]

1. d4 Nf6 2. c4 e6 3. Nc3 Bb4 4. Qc2 Nc6 5. Nf3 d6 6. Bd2 O-O 7. a3 Bxc3 8.
Bxc3 Qe7 9. e3 e5 10. d5 Nb8 11. Bd3 Nbd7 12. Nd2 Nc5 13. Be2 Bg4 14. Bxg4 Nxg4
15. h3 Nh6 16. b4 Nd7 17. e4 f5 18. exf5 Nxf5 19. O-O Qg5 20. Ne4 Qg6 21. Qe2
Nf6 22. Rae1 Nh4 23. Ng3 Rf7 24. Kh2 Nf5 25. Ne4 Nxe4 26. Qxe4 Ng3 27. Qxg6
Nxf1+ 28. Rxf1 hxg6 29. Bd2 c6 30. dxc6 bxc6 31. Kg3 d5 32. cxd5 cxd5 33. Rc1
Rd8 34. b5 d4 35. f3 Rdd7 36. Rc8+ Kh7 37. Bb4 d3 38. Bd2 Rc7 39. Rd8 Rfd7 40.
Rxd7 Rxd7 41. Kf2 Kg8 42. Ke3 Kf7 43. Bc3 Ke6 44. a4 Rd5 45. Kd2 Kd6 46. Bb4+
Kc7 47. g4 Kb6 48. Ke3 Rd4 49. Bc3 Rxa4 50. Bxe5 Ra3 51. Bxg7 Kxb5 52. h4 Kc4
53. f4 Ra2 54. f5 gxf5 55. gxf5 Rg2 0-1

[Event "Qatar Masters Open 2014"]
[Site "Doha QAT"]
[Date "2014.12.03"]
[Round "8.40"]
[White "Potapov, Pavel"]
[Black "Hovhannisyan, Robert"]
[Result "0-1"]
[WhiteElo "2479"]
[BlackElo "2591"]
[PlyCount "120"]
[EventDate "2014.11.26"]
[EventType "swiss"]
[EventRounds "9"]
[EventCountry "QAT"]
[Source "lmi"]
[SourceDate "2014.11.26"]

1. e4 c6 2. d4 d5 3. e5 Bf5 4. h4 Qc7 5. Nc3 h5 6. Bd3 Bxd3 7. Qxd3 e6 8. Nf3
Ne7 9. Bg5 a6 10. Ne2 c5 11. O-O cxd4 12. Nexd4 Nbc6 13. Rac1 Nxd4 14. Nxd4 Rc8
15. Rfd1 g6 16. Bf6 Rg8 17. Qd2 b5 18. a4 Nf5 19. axb5 Nxd4 20. Qxd4 axb5 21.
b4 Qc4 22. Ra1 Qxd4 23. Rxd4 Kd7 24. Ra5 Rxc2 25. Rxb5 Bh6 26. Rb7+ Rc7 27. Rb6
Rgc8 28. b5 Bf8 29. Rf4 Bc5 30. Ra6 Rb7 31. Bg5 Ke8 32. Rc6 Rxc6 33. bxc6 Rc7
34. Ra4 Rxc6 35. Ra8+ Kd7 36. Rd8+ Kc7 37. Rg8 Kb7 38. Rg7 Rc7 39. Kf1 Kc6 40.
f3 d4 41. g4 Kd5 42. gxh5 gxh5 43. Rh7 d3 44. Rxh5 Ra7 45. Rh8 Ra1+ 46. Kg2 Bb6
47. Rb8 Bc7 48. Rb7 Bxe5 49. Rd7+ Kc4 50. h5 Bd4 51. Rc7+ Kb5 52. Bh6 f5 53.
Rd7 e5 54. Bf4 d2 55. Bxd2 Ra2 56. h6 Rxd2+ 57. Kh3 Rd1 58. h7 Rh1+ 59. Kg2 Rh5
60. f4 Kc6 0-1

[Event "Qatar Masters Open 2014"]
[Site "Doha QAT"]
[Date "2014.12.03"]
[Round "8.41"]
[White "Ju, Wenjun"]
[Black "Huang, Qian"]
[Result "1/2-1/2"]
[WhiteElo "2582"]
[BlackElo "2464"]
[PlyCount "40"]
[EventDate "2014.11.26"]
[EventType "swiss"]
[EventRounds "9"]
[EventCountry "QAT"]
[Source "lmi"]
[SourceDate "2014.11.26"]

1. d4 d6 2. e4 Nf6 3. Nc3 e5 4. Nf3 Nc6 5. Bb5 exd4 6. Nxd4 Bd7 7. Bxc6 bxc6 8.
O-O Be7 9. Qf3 O-O 10. h3 c5 11. Nf5 Bxf5 12. Qxf5 Qc8 13. Qf3 Qe6 14. Bf4 c6
15. Rad1 Rfd8 16. b3 Nd7 17. Qg3 Nf6 18. Qf3 Nd7 19. Qg3 Nf6 20. Qf3 Nd7
1/2-1/2

[Event "Qatar Masters Open 2014"]
[Site "Doha QAT"]
[Date "2014.12.03"]
[Round "8.43"]
[White "Ghaem Maghami, Ehsan"]
[Black "Gaponenko, Inna"]
[Result "1/2-1/2"]
[WhiteElo "2559"]
[BlackElo "2381"]
[PlyCount "143"]
[EventDate "2014.11.26"]
[EventType "swiss"]
[EventRounds "9"]
[EventCountry "QAT"]
[Source "lmi"]
[SourceDate "2014.11.26"]

1. e4 c5 2. Nf3 Nc6 3. Bb5 g6 4. Bxc6 bxc6 5. O-O Bg7 6. Re1 Nf6 7. c3 O-O 8.
h3 a5 9. d4 d5 10. e5 Ne4 11. Be3 cxd4 12. cxd4 f6 13. Nc3 fxe5 14. Nxe5 c5 15.
Nxe4 dxe4 16. Rc1 cxd4 17. Bxd4 Bb7 18. Qb3+ Qd5 19. Rc7 Qxb3 20. axb3 Bd5 21.
Rxe7 Rfe8 22. Nc6 Bxd4 23. Rxe8+ Rxe8 24. Nxd4 Rb8 25. Ra1 Bxb3 26. Rxa5 Rb4
27. Rb5 Rxd4 28. Rxb3 Kg7 29. Kh2 Rd2 30. Kg3 Kf6 31. h4 h5 32. Rb5 Rc2 33. b4
Rb2 34. Rb8 Kf5 35. b5 Rb3+ 36. Kh2 Kg4 37. Rg8 Kf5 38. Rf8+ Kg4 39. g3 g5 40.
hxg5 Rxb5 41. g6 Rb7 42. Rf7 Rb6 43. g7 Rg6 44. Kg2 Kg5 45. Kh3 Kh6 46. Re7
Rxg7 47. Rxe4 Rf7 48. Re6+ Kh7 49. Kg2 Rf5 50. f3 Rf7 51. Re3 Ra7 52. Kh3 Ra4
53. f4 Ra1 54. Kh4 Kg6 55. Re6+ Kf7 56. Re5 Rh1+ 57. Kg5 Rh3 58. Re3 h4 59. Kg4
Rxg3+ 60. Rxg3 hxg3 61. Kxg3 Kf6 62. Kg4 Kg6 63. f5+ Kf6 64. Kf4 Kf7 65. Kg5
Kg7 66. f6+ Kf7 67. Kf5 Kf8 68. Kf4 Kf7 69. Ke5 Kf8 70. Kf5 Kf7 71. Kg5 Kf8 72.
Kf5 1/2-1/2

[Event "Qatar Masters Open 2014"]
[Site "Doha QAT"]
[Date "2014.12.03"]
[Round "8.44"]
[White "Zhukova, Natalia"]
[Black "Indjic, Aleksandar"]
[Result "1-0"]
[WhiteElo "2470"]
[BlackElo "2538"]
[PlyCount "87"]
[EventDate "2014.11.26"]
[EventType "swiss"]
[EventRounds "9"]
[EventCountry "QAT"]
[Source "lmi"]
[SourceDate "2014.11.26"]

1. d4 g6 2. e4 Nf6 3. e5 Nh5 4. Be2 d6 5. Bxh5 gxh5 6. Qxh5 dxe5 7. dxe5 Qd5 8.
Nf3 Qe4+ 9. Be3 Qxc2 10. O-O Rg8 11. Rc1 Qg6 12. Qxg6 Rxg6 13. Nc3 c6 14. b4
Bh3 15. Ng5 Bf5 16. f4 f6 17. Nf3 Bg4 18. Kf2 Nd7 19. exf6 exf6 20. b5 c5 21.
h3 Bxf3 22. Kxf3 h5 23. Ne4 b6 24. Ng3 Rh6 25. Nf5 Rh7 26. a4 O-O-O 27. a5 bxa5
28. Rxa5 Kb8 29. Ra6 Nb6 30. Bxc5 Bxc5 31. Rxc5 Rd3+ 32. Ke4 Rd2 33. Rc6 Rxg2
34. Rxf6 Rg8 35. Nd4 Nd7 36. Nc6+ Kc8 37. Rf5 Rg1 38. Rxa7 Rb1 39. Rg5 Nf6+ 40.
Kf5 Rh6 41. Ra8+ Kc7 42. Rg7+ Kd6 43. Rd8+ Kc5 44. Kg5 1-0

[Event "Qatar Masters Open 2014"]
[Site "Doha QAT"]
[Date "2014.12.03"]
[Round "8.45"]
[White "Gao, Rui"]
[Black "Mamedjarova, Zeinab"]
[Result "1-0"]
[WhiteElo "2523"]
[BlackElo "2241"]
[PlyCount "141"]
[EventDate "2014.11.26"]
[EventType "swiss"]
[EventRounds "9"]
[EventCountry "QAT"]
[Source "lmi"]
[SourceDate "2014.11.26"]

1. e4 d6 2. d4 Nf6 3. Nc3 Nbd7 4. Nf3 e5 5. Bc4 Be7 6. O-O O-O 7. Re1 exd4 8.
Nxd4 Nb6 9. Bf1 c5 10. Nf5 Bxf5 11. exf5 d5 12. Qf3 h6 13. a4 a6 14. a5 Nc8 15.
g3 Re8 16. Bg2 d4 17. Ne4 Nxe4 18. Qxe4 Nd6 19. Qd5 Qd7 20. Bf4 Qxf5 21. Qxf5
Nxf5 22. Re5 g6 23. Rae1 Kf8 24. g4 g5 25. Rxf5 gxf4 26. Bxb7 Ra7 27. Bc6 Rb8
28. b3 Kg7 29. Rxf4 Rc7 30. Bd5 Bg5 31. Rf3 Bd2 32. Re5 Bxa5 33. Ref5 Rf8 34.
Bc4 Bb6 35. Bxa6 Re8 36. Bc4 Ree7 37. Kg2 Ba5 38. Rh5 f6 39. Rhf5 Rc6 40. Rd5
Bb6 41. Rff5 Rce6 42. Rxc5 Bxc5 43. Bxe6 Bb4 44. Bc4 Bc3 45. Rb5 Rc7 46. Bd3
Kf7 47. Kf3 Be1 48. Rb8 Re7 49. b4 Ke6 50. b5 Ke5 51. Rh8 Bd2 52. Rd8 Ba5 53.
Rc8 Rc7 54. Rh8 Bd2 55. Re8+ Kd6 56. h3 Re7 57. Rxe7 Kxe7 58. Ke4 Bc3 59. Kf5
Be1 60. f3 Bh4 61. b6 Kd6 62. b7 Kc7 63. Be4 Kb8 64. f4 Bg3 65. g5 fxg5 66.
fxg5 hxg5 67. Kxg5 Kc7 68. h4 Kd7 69. h5 Ke7 70. Kg6 Kf8 71. Bd5 1-0

[Event "Qatar Masters Open 2014"]
[Site "Doha QAT"]
[Date "2014.12.03"]
[Round "8.46"]
[White "Gagare, Shardul"]
[Black "Xu, Jun"]
[Result "1/2-1/2"]
[WhiteElo "2411"]
[BlackElo "2523"]
[PlyCount "112"]
[EventDate "2014.11.26"]
[EventType "swiss"]
[EventRounds "9"]
[EventCountry "QAT"]
[Source "lmi"]
[SourceDate "2014.11.26"]

1. c4 e5 2. g3 Nf6 3. Bg2 c6 4. d4 exd4 5. Qxd4 d5 6. Nf3 Be6 7. O-O dxc4 8.
Qxd8+ Kxd8 9. Ng5 Nbd7 10. a4 Bc5 11. Nd2 Ne5 12. Nde4 Nxe4 13. Nxe6+ fxe6 14.
Bxe4 Nf7 15. a5 e5 16. a6 Kc7 17. axb7 Rab8 18. Ra6 Bb6 19. Bd2 Nd6 20. Bg2
Kxb7 21. Ra4 Rhd8 22. e3 Rbc8 23. Bc3 Re8 24. Bb4 Nb5 25. Rc1 Red8 26. Raa1 Nd6
27. Rc2 Kb8 28. Bh3 Rc7 29. Rd1 c5 30. Bc3 Re7 31. Rd5 Nf7 32. Rcd2 Rxd5 33.
Rxd5 Kc7 34. Bf1 Kc6 35. Bxc4 Nd6 36. Ba2 Ne4 37. Bxe5 Bc7 38. Bxc7 Rxc7 39.
Rd3 Kb5 40. Rb3+ Ka5 41. Rd3 c4 42. Rd4 c3 43. bxc3 Nxc3 44. Bc4 Kb6 45. Kf1 a5
46. Ke1 a4 47. Kd2 Nb5 48. Bxb5 Kxb5 49. Rd8 a3 50. Ra8 Kb4 51. e4 Kb3 52. Rb8+
Ka4 53. Ra8+ Kb3 54. Rb8+ Ka4 55. Ra8+ Kb3 56. Rb8+ Ka4 1/2-1/2

[Event "Qatar Masters Open 2014"]
[Site "Doha QAT"]
[Date "2014.12.03"]
[Round "8.47"]
[White "Donchenko, Alexander"]
[Black "Xu, Yinglun"]
[Result "1/2-1/2"]
[WhiteElo "2523"]
[BlackElo "2410"]
[PlyCount "99"]
[EventDate "2014.11.26"]
[EventType "swiss"]
[EventRounds "9"]
[EventCountry "QAT"]
[Source "lmi"]
[SourceDate "2014.11.26"]

1. Nf3 Nf6 2. g3 b6 3. Bg2 Bb7 4. c4 e6 5. O-O Be7 6. d4 O-O 7. Re1 d5 8. cxd5
exd5 9. Nc3 Re8 10. Ne5 Na6 11. Bf4 c5 12. dxc5 Nxc5 13. Nd3 Nfe4 14. Rc1 Ne6
15. Be3 Nxc3 16. Rxc3 Rb8 17. Rc2 Bd6 18. Bd2 d4 19. Bxb7 Rxb7 20. Qc1 h5 21.
Bf4 Nxf4 22. Nxf4 Bxf4 23. Qxf4 Qd5 24. b3 Rbe7 25. Rd2 Re4 26. Qf3 h4 27. Rc1
Qe6 28. Rc7 a5 29. Rdc2 d3 30. Qxd3 hxg3 31. hxg3 Rxe2 32. Rxe2 Qxe2 33. Qd5
Qe1+ 34. Kg2 Qe4+ 35. Qxe4 Rxe4 36. Rc8+ Kh7 37. Rc6 Rb4 38. Kf3 g6 39. Ke3 Kg7
40. Kd3 Kf8 41. Kc3 Ke7 42. a3 Rb5 43. Kc4 Rf5 44. f4 g5 45. Rxb6 gxf4 46. gxf4
Rxf4+ 47. Kb5 Rf5+ 48. Ka6 Rd5 49. a4 f5 50. b4 1/2-1/2

[Event "Qatar Masters Open 2014"]
[Site "Doha QAT"]
[Date "2014.12.03"]
[Round "8.48"]
[White "Das, Sayantan"]
[Black "Fedorchuk, Sergey A"]
[Result "0-1"]
[WhiteElo "2444"]
[BlackElo "2664"]
[PlyCount "72"]
[EventDate "2014.11.26"]
[EventType "swiss"]
[EventRounds "9"]
[EventCountry "QAT"]
[Source "lmi"]
[SourceDate "2014.11.26"]

1. e4 c5 2. Nf3 Nc6 3. d4 cxd4 4. Nxd4 Qb6 5. Nb3 Nf6 6. Nc3 e6 7. Qe2 d6 8.
Be3 Qc7 9. O-O-O a6 10. g4 b5 11. g5 Nd7 12. f4 Nb6 13. h4 Nc4 14. Bf2 Bd7 15.
h5 Rc8 16. Bg2 Nb4 17. Rh3 a5 18. Kb1 Qb8 19. g6 Nxc2 20. gxf7+ Kxf7 21. Qxc2
b4 22. Ka1 Be7 23. e5 bxc3 24. Rxc3 d5 25. Rxd5 exd5 26. Bxd5+ Kf8 27. e6 Be8
28. Qf5+ Kg8 29. Bxc4 a4 30. Bc5 g6 31. Rg3 Rxc5 32. Nxc5 Qb4 33. Nd3 Qxc4 34.
a3 Qd4 35. Ne5 Qd1+ 36. Ka2 Qb3+ 0-1

[Event "Qatar Masters Open 2014"]
[Site "Doha QAT"]
[Date "2014.12.03"]
[Round "8.49"]
[White "Vazquez, Guillermo"]
[Black "Mista, Aleksander"]
[Result "1/2-1/2"]
[WhiteElo "2374"]
[BlackElo "2616"]
[PlyCount "78"]
[EventDate "2014.11.26"]
[EventType "swiss"]
[EventRounds "9"]
[EventCountry "QAT"]
[Source "lmi"]
[SourceDate "2014.11.26"]

1. e4 g6 2. d4 Bg7 3. Nc3 d6 4. Nf3 a6 5. a4 Nf6 6. Be2 O-O 7. O-O Nc6 8. Be3
e5 9. dxe5 dxe5 10. Qxd8 Rxd8 11. Rad1 Bg4 12. Rxd8+ Rxd8 13. Rd1 Rxd1+ 14.
Bxd1 Nb4 15. Kf1 Bxf3 16. gxf3 Nh5 17. Nd5 Nxd5 18. exd5 Bf8 19. c3 a5 20. Ke2
Nf6 21. Bb3 Bd6 22. Bc4 Nd7 23. Bb5 Nf6 24. Bc4 Kg7 25. Bd2 Nd7 26. b4 f5 27.
bxa5 Nc5 28. Bb5 Nb3 29. a6 bxa6 30. Bxa6 Nxd2 31. Kxd2 Bc5 32. Kd3 Bxf2 33.
Kc4 Be1 34. Kb5 Bxc3 35. Kc6 Ba5 36. Kb5 Bd2 37. Kc6 Ba5 38. Kb5 Bd2 39. Kc6
Ba5 1/2-1/2

[Event "Qatar Masters Open 2014"]
[Site "Doha QAT"]
[Date "2014.12.03"]
[Round "8.50"]
[White "Ganguly, Surya Shekhar"]
[Black "Daulyte, Deimante"]
[Result "1/2-1/2"]
[WhiteElo "2615"]
[BlackElo "2364"]
[PlyCount "351"]
[EventDate "2014.11.26"]
[EventType "swiss"]
[EventRounds "9"]
[EventCountry "QAT"]
[Source "lmi"]
[SourceDate "2014.11.26"]

1. e4 c5 2. Nf3 Nc6 3. d4 cxd4 4. Nxd4 e5 5. Nb5 d6 6. c4 Be7 7. N1c3 a6 8. Na3
Be6 9. Be2 Rc8 10. O-O Nf6 11. Be3 O-O 12. f3 Nd7 13. Kh1 Bg5 14. Bxg5 Qxg5 15.
Qxd6 Nd4 16. f4 Qh4 17. g3 Qh3 18. fxe5 Nxe2 19. Nxe2 Nc5 20. Nf4 Qg4 21. Qd1
Qg5 22. Qd4 Rfd8 23. Nd5 Bh3 24. Rf2 Nd7 25. Rg1 Be6 26. b3 Kh8 27. Nb1 b5 28.
Nd2 Nxe5 29. Nf3 Nxf3 30. Rxf3 bxc4 31. bxc4 Qg4 32. Rgf1 Rxc4 33. Qxc4 Bxd5
34. Qc7 Rc8 35. Qxc8+ Qxc8 36. exd5 Qc4 37. Rxf7 Qxd5+ 38. Kg1 Qd4+ 39. R1f2
Qd1+ 40. Kg2 Qd5+ 41. Kg1 Qd1+ 42. Rf1 Qd4+ 43. R7f2 h6 44. h3 Kh7 45. Kh2 Qc4
46. Re1 Qd4 47. Ree2 Qc4 48. Re7 Qc5 49. Ref7 Qc4 50. Re7 Qc5 51. Rfe2 Qc4 52.
R7e6 Qb5 53. h4 Qc4 54. Re7 Qc5 55. Rf7 Qc4 56. Rfe7 Qc5 57. R7e3 Qd4 58. a3
Qa4 59. Rd2 Kg6 60. Kg1 Kh7 61. Kh2 Kg6 62. Rd6+ Kh7 63. Red3 Qc2+ 64. Rd2 Qa4
65. R6d3 Qa5 66. Kg2 Qa4 67. Kh3 Qe4 68. Rd4 Qh1+ 69. Kg4 Qf1 70. Rd5 Qc4+ 71.
Kh3 Qa4 72. R5d3 Kg6 73. Rf2 Qc6 74. Kh2 Qa4 75. Re3 Qd4 76. Ref3 Qa4 77. Re2
Qc4 78. Rfe3 Qa4 79. Rf3 Qc4 80. Ref2 Qa4 81. Kh3 Qd7+ 82. g4 h5 83. Rg3 hxg4+
84. Rxg4+ Kh5 85. Rff4 Qd3+ 86. Rg3 Qd7+ 87. Kg2 Qd5+ 88. Rgf3 Qd2+ 89. Kh3 Qc1
90. Rf5+ Kh6 91. Rf8 Qh1+ 92. Kg4 Qg1+ 93. Kf5 Qc5+ 94. Ke4 Qc4+ 95. Ke3 Qc5+
96. Ke2 Qc4+ 97. Kd2 Qd4+ 98. Ke2 Qc4+ 99. Kf2 Qxh4+ 100. Kg2 Qg5+ 101. Rg3
Qd5+ 102. Kg1 Qc5+ 103. Rf2 g6 104. Kg2 Kg7 105. Rd2 Qc6+ 106. Kf2 Qc5+ 107.
Ke2 Qc4+ 108. Kd1 Qf1+ 109. Kc2 Qc4+ 110. Kb2 Qb5+ 111. Rb3 Qe5+ 112. Rc3 Kh6
113. Rdd3 g5 114. a4 Kh5 115. Kb3 Qe6+ 116. Kb4 Qb6+ 117. Ka3 a5 118. Rc4 Qb1
119. Rd5 Qe1 120. Kb3 Qe3+ 121. Kc2 Qe2+ 122. Kc3 Qe3+ 123. Rd3 Qe5+ 124. Kb3
g4 125. Rcd4 Qe6+ 126. Rc4 Qf7 127. Kc3 Qf6+ 128. Rcd4 Kh4 129. Re3 Qc6+ 130.
Kd3 Qa6+ 131. Kd2 Qb6 132. Rc4 Qb2+ 133. Kd3 Qb1+ 134. Kc3 Qa1+ 135. Kd3 Qb1+
136. Kd4 g3 137. Ke5+ Kh3 138. Rcc3 Qb8+ 139. Kd5 Qb7+ 140. Ke5 Qe7+ 141. Kf5
Qf7+ 142. Ke4 Qe8+ 143. Kd5 Qxa4 144. Rxg3+ Kh2 145. Rgd3 Qb5+ 146. Ke4 Qe8+
147. Kf3 Qh5+ 148. Kf2 Qh4+ 149. Kf1 Qf6+ 150. Ke1 Qh4+ 151. Kd1 Kg1 152. Rc2
Qf4 153. Rb2 Kf1 154. Kc2 Qc4+ 155. Rc3 Qe4+ 156. Rd3 Qc4+ 157. Kd2 Qf4+ 158.
Kc3 Qe5+ 159. Kb3 Qb5+ 160. Kc2 Qc4+ 161. Rc3 Qe4+ 162. Rd3 Qc4+ 163. Kd2 Qf4+
164. Kc3 Qe5+ 165. Kc2 Qe2+ 166. Rd2 Qc4+ 167. Kb1 Ke1 168. Rdc2 Qe4 169. Rb8
Qd3 170. Re8+ Kd1 171. Rec8 Qb3+ 172. Rb2 Qd3+ 173. Ka1 Qd4 174. Kb1 Qe4+ 175.
Rbc2 Qb4+ 176. Rb2 1/2-1/2

[Event "Qatar Masters Open 2014"]
[Site "Doha QAT"]
[Date "2014.12.03"]
[Round "8.51"]
[White "Hedman, Erik"]
[Black "Socko, Bartosz"]
[Result "0-1"]
[WhiteElo "2370"]
[BlackElo "2614"]
[PlyCount "87"]
[EventDate "2014.11.26"]
[EventType "swiss"]
[EventRounds "9"]
[EventCountry "QAT"]
[Source "lmi"]
[SourceDate "2014.11.26"]

1. d4 Nf6 2. c4 e6 3. Nf3 b6 4. Bf4 Bb7 5. e3 Be7 6. h3 c5 7. dxc5 bxc5 8. Nc3
O-O 9. Be2 Qb6 10. Qc2 Rd8 11. O-O d6 12. Rfd1 Nbd7 13. Rd2 Nf8 14. Rad1 h6 15.
Nh2 Rd7 16. Bf3 Rad8 17. Bxb7 Qxb7 18. Nf3 Ne8 19. Bg3 Qc6 20. Kh1 Qa6 21. b3
Qc6 22. Kg1 g5 23. e4 Ng6 24. e5 d5 25. Qd3 Nc7 26. Qe2 Kg7 27. Nh2 dxc4 28.
Rxd7 Rxd7 29. bxc4 Rxd1+ 30. Qxd1 Na8 31. Qh5 Qc8 32. Ng4 Qh8 33. Ne3 Nb6 34.
Ne4 Nd7 35. Ng4 a5 36. Kh2 a4 37. a3 Bd8 38. Nd6 Be7 39. f4 Bxd6 40. exd6 gxf4
41. Be1 Kf8 42. Bd2 Qg7 43. Nxh6 Qd4 44. Be1 0-1

[Event "Qatar Masters Open 2014"]
[Site "Doha QAT"]
[Date "2014.12.03"]
[Round "8.52"]
[White "Tabatabaei, M.Amin"]
[Black "Sandipan, Chanda"]
[Result "0-1"]
[WhiteElo "2370"]
[BlackElo "2603"]
[PlyCount "76"]
[EventDate "2014.11.26"]
[EventType "swiss"]
[EventRounds "9"]
[EventCountry "QAT"]
[Source "lmi"]
[SourceDate "2014.11.26"]

1. e4 e5 2. Nf3 Nc6 3. Bb5 g6 4. c3 a6 5. Ba4 d6 6. d4 Bd7 7. O-O Bg7 8. Re1
Nf6 9. d5 Ne7 10. Bxd7+ Nxd7 11. c4 h6 12. Nc3 f5 13. b4 O-O 14. a4 Nf6 15. Nd2
c6 16. a5 cxd5 17. cxd5 Rc8 18. Qb3 fxe4 19. Ndxe4 Nf5 20. Nxf6+ Qxf6 21. Ne4
Qf7 22. Be3 Nd4 23. Bxd4 exd4 24. Rad1 Be5 25. f3 g5 26. Nf2 Qf4 27. Ng4 Bg7
28. Nf2 h5 29. Qb1 g4 30. Qg6 gxf3 31. Re7 Qf6 32. Qxf6 Bxf6 33. Rxb7 Bg5 34.
gxf3 Be3 35. Re7 Rxf3 36. Rxe3 dxe3 37. Ne4 Rc4 38. Kg2 Rf7 0-1

[Event "Qatar Masters Open 2014"]
[Site "Doha QAT"]
[Date "2014.12.03"]
[Round "8.54"]
[White "Vijayalakshmi, Subbaraman"]
[Black "Harika, Dronavalli"]
[Result "1/2-1/2"]
[WhiteElo "2335"]
[BlackElo "2505"]
[PlyCount "102"]
[EventDate "2014.11.26"]
[EventType "swiss"]
[EventRounds "9"]
[EventCountry "QAT"]
[Source "lmi"]
[SourceDate "2014.11.26"]

1. Nf3 g6 2. d4 Nf6 3. g3 Bg7 4. Bg2 O-O 5. O-O d6 6. c4 Nbd7 7. Nc3 e5 8. dxe5
dxe5 9. e4 c6 10. h3 Qe7 11. Be3 b6 12. Qa4 Bb7 13. Rfd1 Rfe8 14. Rd2 Nc5 15.
Qc2 Rad8 16. Rad1 Rxd2 17. Rxd2 h6 18. a3 Qc7 19. Bxc5 bxc5 20. Ne1 Bf8 21. Qd1
Bc8 22. Na4 Nd7 23. Nd3 Re6 24. h4 Rd6 25. Ne1 Nb6 26. Rxd6 Bxd6 27. Nxb6 axb6
28. h5 Be6 29. hxg6 fxg6 30. Bf1 Kg7 31. Ng2 Be7 32. Be2 h5 33. b3 Bg5 34. a4
Qe7 35. Qd3 Bf7 36. Kh2 Qd8 37. Qxd8 Bxd8 38. g4 Bg5 39. gxh5 gxh5 40. Kg3 Kf6
41. Bd1 Bd2 42. Kh4 Bg6 43. Bf3 Bg5+ 44. Kg3 Bc1 45. Kh4 Bh6 46. Kg3 Bd2 47.
Kh4 Bg5+ 48. Kg3 Ke7 49. Nh4 Bf7 50. Nf5+ Kd7 51. Ng7 Bh6 1/2-1/2

[Event "Qatar Masters Open 2014"]
[Site "Doha QAT"]
[Date "2014.12.03"]
[Round "8.55"]
[White "Konguvel, Ponnuswamy"]
[Black "Carlsson, Pontus"]
[Result "1-0"]
[WhiteElo "2347"]
[BlackElo "2492"]
[PlyCount "81"]
[EventDate "2014.11.26"]
[EventType "swiss"]
[EventRounds "9"]
[EventCountry "QAT"]
[Source "lmi"]
[SourceDate "2014.11.26"]

1. e4 c5 2. Nf3 d6 3. d4 Nf6 4. Nc3 cxd4 5. Nxd4 g6 6. Be3 Bg7 7. f3 Nc6 8. Qd2
O-O 9. Bc4 Bd7 10. O-O-O Qa5 11. Bb3 Rfc8 12. Kb1 Ne5 13. Bg5 Rc5 14. Rhe1 b5
15. Bxf6 Bxf6 16. Nd5 Qxd2 17. Nxf6+ Kg7 18. Rxd2 Kxf6 19. f4 Nc4 20. Bxc4 bxc4
21. e5+ Kg7 22. exd6 exd6 23. Nf3 Bc6 24. Rxd6 Bxf3 25. gxf3 c3 26. b3 a5 27.
a4 Rh5 28. Re2 Rc8 29. Ka2 Rcc5 30. Ka3 Rcd5 31. Rxd5 Rxd5 32. Re3 Rd2 33. Rxc3
Rxh2 34. b4 axb4+ 35. Kxb4 Rd2 36. a5 h5 37. a6 Kf6 38. a7 Rd8 39. Ra3 Ra8 40.
Kb5 h4 41. Kb6 1-0